| 000 | 01051nam a2200325 a 4500 | ||
|---|---|---|---|
| 001 | 4170 | ||
| 003 | BD-RjUL | ||
| 005 | 20211208233839.0 | ||
| 008 | 131222s1959 enka 001 0 eng | ||
| 035 |
_aOCLC ocm06404560 from D980309M _a(BD-RjUL)4204 |
||
| 040 |
_aDLC _cFSL _dEQO _dBD-RjUL _beng |
||
| 041 | _aeng | ||
| 082 | 0 | 0 |
_a341.57 _218 _bSML 1959 |
| 100 | 1 |
_aSmith, Herbert Arthur, _d1885- _913223 |
|
| 245 | 1 | 4 |
_aThe law and custom of the sea / _cby H. A. Smith. |
| 250 | _a3rd ed. | ||
| 260 |
_aLondon : _bStevens & Sons, _c1959. |
||
| 300 |
_axiv, 291 p. : _bill. ; _c23 cm. |
||
| 500 | _a"Published under the auspices of The London Institute of World Affairs." - t.p. | ||
| 504 | _aIncludes index. | ||
| 650 | 0 |
_aMaritime law. _91257 |
|
| 650 | 0 |
_aWar, Maritime (International law) _912661 |
|
| 650 | 0 |
_aLaw of the sea. _91255 |
|
| 830 | 0 |
_vno. 9 _913232 |
|
| 710 | 2 |
_aLondon Institute of World Affairs. _913225 |
|
| 830 | 0 |
_aLibrary of world affairs ; _913233 |
|
| 942 |
_2ddc _cBK |
||
| 999 |
_c4170 _d4170 |
||